<?xml version="1.0" encoding="UTF-8"?>
<record
    xmlns:xsi="http://www.w3.org/2001/XMLSchema-instance"
    xsi:schemaLocation="http://www.loc.gov/MARC21/slim http://www.loc.gov/standards/marcxml/schema/MARC21slim.xsd"
    xmlns="http://www.loc.gov/MARC21/slim">

  <leader>02170agaaa2200325   4500</leader>
  <controlfield tag="001">5429</controlfield>
  <controlfield tag="003">IT-RoPAU</controlfield>
  <controlfield tag="005">20220918181225.0</controlfield>
  <controlfield tag="007">d cvaizq</controlfield>
  <controlfield tag="008">50131s9999||||xx ||| |     ||   ||und||</controlfield>
  <datafield tag="040" ind1=" " ind2=" ">
    <subfield code="a">IT-RoPAU</subfield>
    <subfield code="c">IT-RoPAU</subfield>
  </datafield>
  <datafield tag="041" ind1=" " ind2=" ">
    <subfield code="a">ITALIANO</subfield>
  </datafield>
  <datafield tag="100" ind1=" " ind2=" ">
    <subfield code="a">Magni Luigi</subfield>
    <subfield code="g">Codice regista SPICS: 11242</subfield>
    <subfield code="9">37940</subfield>
  </datafield>
  <datafield tag="130" ind1=" " ind2=" ">
    <subfield code="a">STATE BUONI SE POTETE</subfield>
    <subfield code="9">37941</subfield>
  </datafield>
  <datafield tag="245" ind1=" " ind2=" ">
    <subfield code="a">STATE BUONI SE POTETE</subfield>
    <subfield code="c">Prodotto da: D'Amico Benedico' S. -- Sceneggiatura: Magni Luigi Zapponi Bernardino -- Diretto da: Magni Luigi</subfield>
    <subfield code="p">STATE BUONI SE POTETE (Rif. Codice opera principale : H5429)</subfield>
  </datafield>
  <datafield tag="250" ind1=" " ind2=" ">
    <subfield code="a">Edizione Standard</subfield>
  </datafield>
  <datafield tag="260" ind1=" " ind2=" ">
    <subfield code="a">(ITALIA)</subfield>
    <subfield code="b">EXCELSIOR - TV RAI UNO / Distribuzione: MULTIMEDIA SAN PAOLO</subfield>
    <subfield code="g">"1983 (1&#xB0; ed.: 2005 ; Ed. Lingua Orig.: 1983)"</subfield>
  </datafield>
  <datafield tag="300" ind1=" " ind2=" ">
    <subfield code="a">DVD</subfield>
    <subfield code="b">sonoro, col.</subfield>
    <subfield code="c">149 minuti</subfield>
  </datafield>
  <datafield tag="508" ind1=" " ind2=" ">
    <subfield code="a">"Fotografia: Desideri Danilo; Montaggio: Mastroianni Ruggero; Musica: Branduardi Angelo; Sceneggiatura: Magni Luigi Zapponi Bernardino; Scenografia: Mirisola Lucia; Soggetto: Magni Luigi -- Zapponi Bernardino"</subfield>
  </datafield>
  <datafield tag="511" ind1=" " ind2=" ">
    <subfield code="a">"Dorelli Johnny; Leroy Philippe; Montagnani Renzo; Adorf Mario; Branduardi Angelo"</subfield>
  </datafield>
  <datafield tag="520" ind1=" " ind2=" ">
    <subfield code="a">"""STATE BUONI SE POTETE"" RACCOMANDAVA AI SUOI RAGAZZI FILIPPO NERI, EX ALLIEVO DEL SAVONAROLA. I RAGAZZI SONO QUELLI ABBANDONATI DI UNA ROMA CINQUECENTESCA CORROTTA E TURBOLENTA; IL PREDILETTO UNA SPECIE DI BRIGANTE CHE COMBATTE CONTRO LE PREPOTENZE DELLA NOBILTA'. L'ANTICLERICALE MAGNI CELEBRA FILIPPO NERI, FIGURA ANTICIPATRICE DELL'EDUCATORE CRISTIANO CHE ATTRAVERSO L'ALLEGRIA E IL BUON UMORE TRASMETTE AI GIOVANI I VALORI FONDAMENTALI DELLA VITA. CONTENUTI EXTRA: FILMOGRAFIE ESSENZIALI E RESTAURO DEL FILM. ORATORIO, GIOVENTU' ABBANDONATA, EDUCAZIONE."</subfield>
  </datafield>
  <datafield tag="538" ind1=" " ind2=" ">
    <subfield code="a">PAL, STEREO</subfield>
  </datafield>
  <datafield tag="546" ind1=" " ind2=" ">
    <subfield code="a">ITALIANO</subfield>
  </datafield>
  <datafield tag="650" ind1=" " ind2=" ">
    <subfield code="a">COMMEDIA</subfield>
    <subfield code="e">DVD-FILM [DVD]</subfield>
    <subfield code="x">Codice MATERIA SPICS: 9947</subfield>
    <subfield code="9">36668</subfield>
  </datafield>
  <datafield tag="700" ind1=" " ind2=" ">
    <subfield code="a">Branduardi Angelo</subfield>
    <subfield code="e">(musica)</subfield>
    <subfield code="g">Codice Musica SPICS: 10801</subfield>
    <subfield code="9">37942</subfield>
  </datafield>
  <datafield tag="700" ind1=" " ind2=" ">
    <subfield code="a">Magni Luigi </subfield>
    <subfield code="e">(regista)</subfield>
    <subfield code="g">Codice regista SPICS: 11242</subfield>
    <subfield code="9">37943</subfield>
  </datafield>
  <datafield tag="700" ind1=" " ind2=" ">
    <subfield code="a">Magni Luigi </subfield>
    <subfield code="e">(soggetto)</subfield>
    <subfield code="g">Codice Soggetto SPICS: 11242</subfield>
    <subfield code="9">37944</subfield>
  </datafield>
  <datafield tag="700" ind1=" " ind2=" ">
    <subfield code="a">Zapponi Bernardino </subfield>
    <subfield code="e">(soggetto)</subfield>
    <subfield code="g">Codice Soggetto 2&#xB0; SPICS: 3374</subfield>
    <subfield code="9">37945</subfield>
  </datafield>
  <datafield tag="942" ind1=" " ind2=" ">
    <subfield code="c">DV</subfield>
    <subfield code="2">ddc</subfield>
  </datafield>
  <datafield tag="999" ind1=" " ind2=" ">
    <subfield code="c">104836</subfield>
    <subfield code="d">104836</subfield>
  </datafield>
  <datafield tag="952" ind1=" " ind2=" ">
    <subfield code="0">0</subfield>
    <subfield code="1">0</subfield>
    <subfield code="4">0</subfield>
    <subfield code="6">H_5429_000000000000000</subfield>
    <subfield code="7">1</subfield>
    <subfield code="a">SPICS</subfield>
    <subfield code="b">SPICS</subfield>
    <subfield code="d">2015-01-31</subfield>
    <subfield code="l">0</subfield>
    <subfield code="o">H5429</subfield>
    <subfield code="r">2015-01-31 00:00:00</subfield>
    <subfield code="w">2015-01-31</subfield>
    <subfield code="y">DV</subfield>
    <subfield code="z">Progr. Ins.: 3280 / N.Vol.:1 / Copie: 1 / Pag.:0 / Copia rara: n.d. / date import: 1.2.2015 / By Epidotti, Trombetti, Vaglietti</subfield>
  </datafield>
</record>
